Municipios de la provincia de Tarragona (Mapa) - Statistics

General Stats
  • This quiz has been taken 258 times
    98 since last reset
  • The average score is 66 of 184
Answers on the Map
Answers color-coded by a green-red scale on the quiz's map according to % correct below.
 
Answer Stats
Comarca Población Respuesta % Correct
Baix Camp 101 287 Reus
97%
Tarragonès 140 323 Tarragona
97%
Montsià 21317 Amposta
85%
Tarragonès 26649 Salou
83%
Baix Ebre 34734 Tortosa
83%
Baix Camp 33362 Cambrils
78%
Baix Ebre 12316 Deltebre
78%
Baix Penedès 36647 El Vendrell
77%
Conca de Barberà 6632 Montblanc
77%
Alt Camp 22851 Valls
73%
Tarragonès 22976 Vila-seca
68%
Baix Ebre 3606 L'Ampolla
67%
Tarragonès 21880 Torredembarra
67%
Priorat 2834 Falset
65%
Montsià 14931 La Ràpita | Sant Carles de la Ràpita
65%
Ribera d'Ebre 5012 Móra d'Ebre
65%
Baix Penedès 24672 Calafell
63%
Montsià 6317 Ulldecona
63%
Montsià 9579 Alcanar
62%
Alt Camp 4405 Alcover
60%
Tarragonès 5993 Altafulla
60%
Baix Penedès 12626 Cunit
60%
Ribera d'Ebre 3214 Móra la Nova
58%
Tarragonès 7945 Constantí
57%
Tarragonès 3989 La Pobla de Mafumet
57%
Baix Camp 8896 Mont-roig del Camp
57%
Ribera d'Ebre 1601 Ascó
55%
Ribera d'Ebre 4029 Flix
55%
Terra Alta 3117 Gandessa
55%
Conca de Barberà 3814 L'Espluga de Francolí
55%
Baix Camp 612 Prades
55%
Tarragonès 7902 Roda de Berà
55%
Baix Ebre 7688 L'Ametlla de Mar
53%
Baix Camp 4821 La Selva del Camp
53%
Tarragonès 4906 El Morell
52%
Montsià 5530 La Sénia
52%
Tarragonès 5184 La Canonja
48%
Baix Penedès 5486 L'Arboç
48%
Baix Camp 5763 Riudoms
48%
Baix Ebre 3378 El Perelló
47%
Tarragonès 3825 Vilallonga del Camp
47%
Terra Alta 1259 Horta de Sant Joan
45%
Tarragonès 4941 Creixell
43%
Tarragonès 3940 La Secuita
43%
Terra Alta 668 Bot
42%
Baix Camp 1683 Montbrió de Tarragona
42%
Baix Ebre 8333 Roquetes
42%
Conca de Barberà 2991 Santa Coloma de Queralt
42%
Tarragonès 5821 El Catllar
40%
Alt Camp 1903 El Pla de Santa Maria
40%
Tarragonès 2902 Perafort
40%
Baix Camp 845 Riudecanyes
40%
Priorat 396 Ulldemolins
40%
Alt Camp 1413 Vallmoll
40%
Baix Camp 5008 Vandellòs i l'Hospitalet de l'Infant
40%
Baix Ebre 1277 Xerta
40%
Alt Camp 719 Aiguamúrcia
38%
Conca de Barberà 488 Barberà de la Conca
38%
Baix Camp 1855 Les Borges del Camp
38%
Montsià 3552 Sant Jaume d'Enveja
38%
Conca de Barberà 1054 Vimbodí i Poblet
38%
Baix Camp 1140 Almoster
37%
Baix Camp 2340 Castellvell del Camp
37%
Tarragonès 5844 Els Pallaresos
37%
Alt Camp 679 La Riba
37%
Ribera d'Ebre 799 Miravet
37%
Ribera d'Ebre 1357 Riba-Roja d'Ebre
37%
Conca de Barberà 155 Vilanova de Prades
37%
Alt Camp 1117 Vila-rodona
37%
Baix Camp 1498 Vinyols i els Arcs
37%
Baix Camp 1488 Alforja
35%
Alt Camp 636 Bràfim
35%
Priorat 941 Cornudella
35%
Baix Ebre 4530 L'Aldea
35%
Tarragonès 4823 La Pobla de Montornès
35%
Alt Camp 369 Nulles
35%
Alt Camp 859 Cabra del Camp
33%
Baix Ebre 3609 Camarles
33%
Alt Camp 313 El Rourell
33%
Baix Penedès 3428 La Bisbal del Penedès
33%
Baix Camp 3331 L'Albiol
33%
Baix Camp 767 L'Aleixar
33%
Tarragonès 555 La Nou de Gaià
33%
Tarragonès 3877 La Riera de Gaià
33%
Baix Camp 520 Maspujols
33%
Ribera d'Ebre 1789 Tivissa
33%
Conca de Barberà 437 Vilaverd
33%
Baix Ebre 771 Benifallet
32%
Baix Camp 110 Capafonts
32%
Alt Camp 177 El Milà
32%
Priorat 229 Gratallops
32%
Baix Camp 58 La Febró
32%
Priorat 439 Porrera
32%
Baix Camp 568 Vilaplana
32%
Baix Camp 933 Botarell
30%
Baix Camp 205 Duesaigües
30%
Alt Camp 285 La Masó
30%
Tarragonès 2832 Salomó
30%
Baix Ebre 968 Aldover
28%
Terra Alta 479 Arnes
28%
Baix Penedès 3019 Banyeres del Penedès
28%
Terra Alta 1967 Batea
28%
Ribera d'Ebre 1169 Benissanet
28%
Alt Camp 318 Figuerola del Camp
28%
Ribera d'Ebre 740 La Torre de l'Espanyol
28%
Baix Penedès 2280 Llorenç del Penedès
28%
Montsià 1109 Masdenverge
28%
Alt Camp 180 Mont-ral
28%
Baix Ebre 602 Pauls
28%
Conca de Barberà 478 Pira
28%
Baix Camp 692 Pratdip
28%
Alt Camp 789 Puigpelat
28%
Alt Camp 359 Querol
28%
Tarragonès 100 Renau
28%
Baix Camp 1097 Riudecols
28%
Baix Penedès 2491 Sant Jaume dels Domenys
28%
Conca de Barberà 1503 Sarral
28%
Alt Camp 384 Alió
27%
Baix Camp 112 Arbolí
27%
Terra Alta 1130 Corbera d'Ebre
27%
Alt Camp 596 El Pont d'Armentera
27%
Montsià 391 Freginals
27%
Conca de Barberà 191 Les Piles
27%
Priorat 594 Marçà
27%
Conca de Barberà 264 Rocafort de Queralt
27%
Montsià 3762 Santa Bàrbara
27%
Baix Penedès 2110 Bellvei
25%
Baix Penedès 651 Bonastre
25%
Priorat 270 Els Guiamets
25%
Conca de Barberà 62 Forès
25%
Priorat 135 La Vilella Alta
25%
Priorat 202 La Vilella Baixa
25%
Baix Penedès 3322 Santa Oliva
25%
Conca de Barberà 39 Senan
25%
Conca de Barberà 177 Vallfogona de Riucorb
25%
Tarragonès 1905 Vespella de Gaià
25%
Conca de Barberà 133 Conesa
23%
Terra Alta 1113 El Pinell de Brai
23%
Alt Camp 189 Els Garidells
23%
Ribera d'Ebre 950 Ginestar
23%
Montsià 614 Godall
23%
Montsià 572 Mas de Barberans
23%
Baix Penedès 528 Masllorenç
23%
Alt Camp 225 Montferri
23%
Alt Camp 462 Rodonyà
23%
Conca de Barberà 567 Solivella
23%
Alt Camp 789 Vilabella
23%
Baix Camp 477 Vilanova d'Escornalbou
23%
Baix Penedès 1511 El Montmell
22%
Ribera d'Ebre 498 Garcia
22%
Terra Alta 1056 La Fatarella
22%
Terra Alta 372 La Pobla de Massaluca
22%
Priorat 313 Poboleda
22%
Conca de Barberà 142 Pontils
22%
Priorat 152 Pradell
22%
Baix Ebre 914 Tivenys
22%
Priorat 298 Cabacés
20%
Baix Camp 193 Colldejou
20%
Montsià 723 La Galera
20%
Conca de Barberà 141 Llorac
20%
Conca de Barberà 205 Passanant i Belltall
20%
Ribera d'Ebre 898 Rasquera
20%
Conca de Barberà 117 Vallclara
20%
Priorat 280 Bellmunt del Priorat
18%
Conca de Barberà 421 Blancafort
18%
Priorat 152 La Morera de Montsant
18%
Ribera d'Ebre 403 La Palma d'Ebre
18%
Baix Camp 161 L'Argentera
18%
Priorat 497 Masroig
18%
Ribera d'Ebre 466 Vinebre
18%
Baix Penedès 2367 Albinyana
17%
Baix Ebre 399 Alfara de Carles
17%
Priorat 398 Capçanes
17%
Terra Alta 273 Caseres
17%
Priorat 111 La Figuera
15%
Priorat 97 Margalef
15%
Terra Alta 170 Prat de Comte
15%
Conca de Barberà 73 Savallà del Comtat
15%
Priorat 138 Torre de Fontaubella
15%
Priorat 149 Torroja
13%
Priorat 107 El Lloar
12%
Priorat 297 El Molar
12%
Terra Alta 706 Vilalba dels Arcs
12%
Priorat 216 La Bisbal de Montsant
8%
No matching quizzes found
Score Distribution
Percent of People with Each Score
Percentile by Number Answered
Your Score History
You have not taken this quiz since the last reset